La propiedad de casas por pisos / (Record no. 30964)

MARC details
000 -LEADER
campo de control de longitud fija 00514nam a2200181 i 4500
001 - NÚMERO DE CONTROL
campo de control 30964
003 - IDENTIFICADOR DE NÚMERO DE CONTROL
campo de control ES-MaACL
005 - FECHA Y HORA DE LA ÚLTIMA TRANSACCIÓN
campo de control 20230906154301.0
007 - CAMPO FIJO DE DESCRIPCIÓN FÍSICA--INFORMACIÓN GENERAL
campo de control de longitud fija t|
008 - DATOS DE LONGITUD FIJA--INFORMACIÓN GENERAL
campo de control de longitud fija 030128s1960 sp ||||1| spa d
100 1# - ENTRADA PRINCIPAL--NOMBRE DE PERSONA
Nombre de persona Batlle Vázquez, Manuel.
9 (RLIN) 26451
245 13 - MENCIÓN DEL TÍTULO
Título La propiedad de casas por pisos /
Mención de responsabilidad, etc. Manuel Batlle Vázquez.
250 ## - MENCION DE EDICION
Mención de edición 4ª ed.
260 ## - PUBLICACIÓN, DISTRIBUCIÓN, ETC.
Lugar de publicación, distribución, etc. Alcoy :
Nombre del editor, distribuidor, etc. Marfil,
Fecha de publicación, distribución, etc. 1960.
300 ## - DESCRIPCIÓN FÍSICA
Extensión 231 p. ;
Dimensiones 24 cm.
650 04 - PUNTO DE ACCESO ADICIONAL DE MATERIA--TÉRMINO DE MATERIA
Término de materia o nombre geográfico como elemento de entrada Propiedad horizontal-
Subdivisión geográfica España.
9 (RLIN) 16479
852 ## - LOCALIZACIÓN
Ubicación ES-MaACL
Número de control de estantería C-20502
Sublocalización o colección R.48875
Holdings
Estatus retirado Estado de pérdida Estado de daño No para préstamo Biblioteca de origen Biblioteca actual Ubicación en estantería Fecha de adquisición Fuente de adquisición Total de préstamos Signatura topográfica completa Código de barras Visto por última vez Precio de reemplazo Tipo de ítem Koha
        Biblioteca del Ateneo de Madrid Biblioteca del Ateneo de Madrid Galería 17/01/2008     C-20502 1031989 23/02/2023 23/02/2023 Libro impreso